000 00619nam a22002417a 4500
003 UA-OsUOA
001 785
007 ta
008 20050705b un ||||| |||| 00| 0 ukr d
100 _aГриненко А.М.
090 _a304.4(075.8)
_bГ85
942 _cBK
040 _aUA-OsUOA
_bukr
_cUA-OsUOA
_dUA-OsUOA
245 _aСоціальна політика
_bНавч. метод. посібник
300 _a309 с.
955 _a2
041 _aukr
080 _a304.4(075.8)
020 _a966-574-512-3
260 _aК.
_bКНЕУ
_c2004
650 7 _a32 Політика
_2UDC
999 _c286948
_d286948